Managerial planning <an> optimum and stochastic control approach

Salvato in:
Dettagli Bibliografici
Autore principale: Tapiero, Charles S.
Natura: Libro
Lingua:inglese
Pubblicazione: New York Gordon and Breach 1977
Tags: Aggiungi Tag
Nessun Tag, puoi essere il primo ad aggiungerne!!

MARC

LEADER 00000nam a2200000 4500
001 c140373
005 20041019155318.7
041 0 |a eng 
044 |a US 
245 1 0 |a Managerial planning  |b <an> optimum and stochastic control approach  |c Charles S. Tapiero 
264 1 |a New York  |b Gordon and Breach  |c 1977 
300 |a 240 s. 
100 1 |a Tapiero, Charles S.